Giáo trình vật liệu điện : Giáo trình vật liệu điện :
Nội dung sách giới thiệu cấu tạo và phân loại vật liệu, tính dẫn điện của điện môi, sự phân cực của điện môi, tổn hao trong điện môi, tính chất lý hóa của điện môi, vật liệu cách điện thể khí, thể lỏng, thể rắn......
保存先:
| 第一著者: | |
|---|---|
| フォーマット: | 図書 |
| 言語: | Undetermined |
| 出版事項: |
Hà Nội
Giáo dục
2008
|
| 主題: | |
| タグ: |
タグ追加
タグなし, このレコードへの初めてのタグを付けませんか!
|
| Thư viện lưu trữ: | Trung tâm Học liệu Trường Đại học Cần Thơ |
|---|
| LEADER | 01010nam a2200217Ia 4500 | ||
|---|---|---|---|
| 001 | CTU_93998 | ||
| 008 | 210402s9999 xx 000 0 und d | ||
| 020 | |c 30000 | ||
| 082 | |a 621.3107 | ||
| 082 | |b Th116 | ||
| 100 | |a Nguyễn, Đình Thắng | ||
| 245 | 0 | |a Giáo trình vật liệu điện : | |
| 245 | 0 | |b Giáo trình vật liệu điện : | |
| 245 | 0 | |c Nguyễn Đình Thắng | |
| 260 | |a Hà Nội | ||
| 260 | |b Giáo dục | ||
| 260 | |c 2008 | ||
| 520 | |a Nội dung sách giới thiệu cấu tạo và phân loại vật liệu, tính dẫn điện của điện môi, sự phân cực của điện môi, tổn hao trong điện môi, tính chất lý hóa của điện môi, vật liệu cách điện thể khí, thể lỏng, thể rắn... | ||
| 650 | |a Electric apparatus and appliances,Vật liệu điện | ||
| 904 | |i Qhieu | ||
| 980 | |a Trung tâm Học liệu Trường Đại học Cần Thơ | ||